Stations TEOR Rouen - Statistiques

Statistiques générales
  • Ce quiz a été pris 407 fois
  • Le résultat moyen est 10 sur 15
Réponses sur la Carte
Les réponses sont colorées sur une échelle allant du rouge au vert en fonction du pourcentage des utilisateurs qui les ont devinées à leur premier essai. Vous pouvez retrouver ces pourcentages ci-dessous.
 
Statistiques - réponses
Réponse % Correct
Boulevard des Belges
76%
Mont-Riboudet - Kindarena
76%
Théâtre des Arts
75%
CHU Charles Nicole
70%
Pasteur - Panorama
69%
Mont aux Malades
67%
République
67%
Luciline
65%
Campus
64%
Cathédrale
64%
Saint-Marc
61%
Fond du Val
60%
Martainville
58%
Colbert
54%
Les Coquets
49%
Aucun quiz correspondant
Distribution des résultats
% des personnes avec chaque résultat
Percentile par nombre de réponses
Votre historique - résultats
Vous n’avez pas pris ce quiz